| 000 | 01759nam a2200385 a 4500 | ||
|---|---|---|---|
| 003 | TR-IsYBT | ||
| 005 | 20230210103154.0 | ||
| 007 | t | ||
| 008 | 130930s2011$$$$tu#a###$r01###$$$$#tur u | ||
| 020 |
_a9789754034172 _cTL3,50 |
||
| 040 |
_aBİLGEM _btur _erda _cBİLGEM |
||
| 041 | 0 | _atur | |
| 044 | _ctu | ||
| 049 | _aBİLGEM | ||
| 050 | 0 | 0 | _aSF302.M55 |
| 090 | 0 | 0 | _aSF302.M55 2011 |
| 100 | 1 | _aMilbourne, Anna. | |
| 245 | 1 |
_aİlk Okuma - Atlar ve Midilliler/ _cAnna Milbourne ; translated by Barış Bıçakçı. |
|
| 250 | _a3. basım | ||
| 264 | 1 |
_aAnkara : _bTÜBİTAK, _c2011. |
|
| 300 |
_aii, 33 p. : _bcol. ill. ; _c21 cm |
||
| 336 |
_ametin _btxt _2rdacontent |
||
| 337 |
_aaracısız _bn _2rdamedia |
||
| 338 |
_acilt _bnc _2rdacarrier |
||
| 490 | 0 |
_aTÜBİTAK popüler bilim kitapları 258. _aErken çocukluk kitaplığı - 7 yaş +. |
|
| 500 | _aIncludes index. | ||
| 505 |
_aDoğada atlar nasıl yaşar? Yabani atlar nasıl evcilleştirilir? Atların ayaklarına niçin nal çakılır? Bu kitapta bu dost hayvanlarla ilgili bunlara benzer pek çok sorunuza cevap bulacaksınız. _xİçindekiler: _xYabani atlar _xSürüde yaşam _xKıllar ve kuyruklar _xKoşmak _xTaylar _xBüyümek _xAtlar konuşuyor _xTemizlik _xİnsanlara güvenmek _xAtları eğitmek _xAhırda yaşam _xAta binmek _xÇalışan atlar _xGüçlü atlar _xSözlük _xDizin. |
||
| 650 | 0 | _aHorses -- Juvenile literature. | |
| 650 | 0 | _aPonies -- Juvenile literature. | |
| 700 | 1 | _aBıçakçı, translated by Barış | |
| 830 | 0 |
_aTÜBİTAK popüler bilim kitapları 258. _aErken çocukluk kitaplığı - 7 yaş +. |
|
| 856 | 4 | 0 | _uhttps://kutuphane.mam.gov.tr/yordambt/yordam.php?sayfa=sayfaArama&aDemirbas=B008211 |
| 856 | 4 | 0 | _uhttp://www.kitap.tubitak.gov.tr |
| 902 | _aB008211 | ||
| 999 |
_c200451911 _d70123 |
||